000 00824 a2200289 4500
001 200421654
999 _c200421654
_d38744
003 TR-AnTOB
005 20230913113050.0
008 150324s tu 000 0
020 _a9786055250362
040 _aTR-AnTOB
_btur
_erda
041 0 _atur
050 0 0 _aHQ1064.T9
_bT84 2014
090 _aHQ1064.T9. T84 2014
100 1 _aTufan, İsmail
_932988
245 1 0 _aTürkiye'de yaşlılığın yapısal değişimi /
_cİsmail Tufan.
264 _aİstanbul :
_bKoç Üniversitesi,
_c2014.
300 _a126 page ;
_c24 cm.
336 _atext
_2rdacontent
337 _aunmediated
_2rdamedia
338 _avolume
_2rdacarrier
504 _aIncludes bibliographical references.
650 0 0 _aYaşlılar
_zTürkiye
_932735
650 0 0 _aOlder people
_zTurkey
_932736
942 _cBK